The architect's guide to running a practice (Record no. 108504)
[ view plain ]
| 000 -LEADER | |
|---|---|
| fixed length control field | 01121cam a22002415a 4500 |
| 001 - CONTROL NUMBER | |
| control field | L144426 |
| 008 - FIXED-LENGTH DATA ELEMENTS--GENERAL INFORMATION | |
| fixed length control field | 080717s2005 xxkad f 001 0 eng d |
| 020 ## - INTERNATIONAL STANDARD BOOK NUMBER | |
| International Standard Book Number | 0750660996 |
| 035 ## - SYSTEM CONTROL NUMBER | |
| System control number | (Sirsi) u144426 |
| 041 0# - LANGUAGE CODE | |
| Language code of text/sound track or separate title | eng |
| 050 04 - LIBRARY OF CONGRESS CALL NUMBER | |
| Classification number | 720.68 $2 22 |
| 100 1# - MAIN ENTRY--PERSONAL NAME | |
| Personal name | Littlefield, David |
| 245 04 - TITLE STATEMENT | |
| Title | The architect's guide to running a practice |
| 260 ## - PUBLICATION, DISTRIBUTION, ETC. | |
| Place of publication, distribution, etc. | Oxford |
| Name of publisher, distributor, etc. | Architectural Press |
| Date of publication, distribution, etc. | 2008 |
| 300 ## - PHYSICAL DESCRIPTION | |
| Extent | xiv, 121p. |
| Other physical details | ill. |
| Dimensions | 24cm. |
| 505 2# - FORMATTED CONTENTS NOTE | |
| Formatted contents note | Money -- Marketing -- Staying small -- Managing growth -- Managing the office -- IT -- Appendices |
| 520 ## - SUMMARY, ETC. | |
| Summary, etc. | Provides essential information on how to set up and run an architectural practice. Examines issues such as finance, recruitment, IT, marketing and growth. Uses real life examples as case studies together with advice from practitioners, large and small, to give an insight into the challenges practitioners will face and how to build a successful business. Each chapter includes a list of action points. |
| 521 20 - TARGET AUDIENCE NOTE | |
| Target audience note | Advanced |
| 590 ## - LOCAL NOTE (RLIN) | |
| Local note | KA |
| 651 #4 - SUBJECT ADDED ENTRY--GEOGRAPHIC NAME | |
| Geographic name | United Kingdom |
| Chronological subdivision | |
| 690 ## - LOCAL SUBJECT ADDED ENTRY--TOPICAL TERM (OCLC, RLIN) | |
| Topical term or geographic name as entry element | MANAGEMENT-BUSINESS MANAGEMENT-PROFESSIONAL PRACTICE |
| 942 ## - ADDED ENTRY ELEMENTS (KOHA) | |
| Suppress in OPAC | 0 |
| Withdrawn status | Lost status | Source of classification or shelving scheme | Damaged status | Not for loan | Home library | Current library | Shelving location | Date acquired | Total Checkouts | Full call number | Barcode | Date last seen | Copy number | Price effective from | Koha item type |
|---|---|---|---|---|---|---|---|---|---|---|---|---|---|---|---|
| Dewey Decimal Classification | London | London | Books | 17/07/2008 | 720.68 LIT | 30071167 | 06/08/2019 | 1 | 06/08/2019 | Book |